Strategická marketingová analýza podniku bakalárska práca

Guardado en:
Detalles Bibliográficos
Autor principal: Gavurová, Michaela
Autor Corporativo: Fakulta podnikového manažmentu EU. Katedra podnikovohospodárska
Otros Autores: Štetka, Peter, 1986-
Formato: Libro
Lenguaje:eslovaco
Publicado: Bratislava 2018
Etiquetas: Agregar Etiqueta
Sin Etiquetas, Sea el primero en etiquetar este registro!

MARC

LEADER 00000nbm a2200000 4500
001 0244584
005 20181009111549.5
041 0 |a slo 
044 |a SK 
245 1 0 |a Strategická marketingová analýza podniku  |b bakalárska práca  |c Michaela Gavurová ; školiteľ: Peter Štetka 
264 1 |a Bratislava  |c 2018 
300 |a 61 s. 
100 1 |a Gavurová, Michaela 
700 1 |a Štetka, Peter, 1986- 
710 2 |a Fakulta podnikového manažmentu EU. Katedra podnikovohospodárska